[Event "SVG Plettenberg 1 - SV Dinslaken 1"]
[Site "Oberliga NRW 2014/2015"]
[Date "2015.03.01"]
[Round "7.3"]
[White "Kern, Guido"]
[Black "Klip, Hans"]
[Result "1/2-1/2"]
[WhiteElo "2295"]
[BlackElo "2316"]
[Annotator "Hausrath,Daniel"]
[PlyCount "33"]
[EventDate "2015.??.??"]
[WhiteTeam "SV Dinslaken 1"]
[BlackTeam "SVG Plettenberg 1"]

1. d4 f5 2. Nc3 Nf6 3. Bg5 d5 4. e3 e6 5. Nf3 Be7 6. Bd3 Nbd7 7. Ne2 O-O 8. c4
c6 9. cxd5 cxd5 $11 10. O-O h6 11. Bxf6 Nxf6 12. Rc1 Qb6 13. Qb3 Qxb3 14. axb3
Bd7 15. Ne5 Bd6 16. Nxd7 Nxd7 17. Rc2 1/2-1/2

[Event "SVG Plettenberg 1 - SV Dinslaken 1"]
[Site "Oberliga NRW 2014/2015"]
[Date "2015.03.01"]
[Round "7.4"]
[White "Bouaraba, Max"]
[Black "Mundorf, Johannes"]
[Result "1/2-1/2"]
[WhiteElo "2192"]
[BlackElo "2250"]
[Annotator "Hausrath,Daniel"]
[PlyCount "88"]
[EventDate "2015.??.??"]
[WhiteTeam "SVG Plettenberg 1"]
[BlackTeam "SV Dinslaken 1"]

1. d4 e6 2. Bf4 f5 3. e3 Nf6 4. Nf3 d5 5. c4 c6 6. Nc3 Bd6 7. Ne5 Qe7 8. c5 Bc7
9. b4 O-O 10. Bd3 Ne4 11. Bxe4 fxe4 12. O-O Nd7 13. Ng6 hxg6 14. Bxc7 Nxc5 15.
Bg3 Nd7 16. b5 Nf6 17. bxc6 bxc6 18. Qa4 a5 19. Qxc6 Bd7 20. Qb7 Qb4 21. Qxb4
axb4 22. Ne2 Bb5 23. Rfe1 Rfc8 24. Nf4 Kf7 25. Reb1 Ra4 26. Rb2 Bc4 27. Rc1
Rca8 28. f3 g5 29. Nh3 Kg6 30. Bd6 Rxa2 31. Rxa2 Rxa2 32. Bxb4 Re2 33. Re1 $11
Rb2 34. Be7 exf3 35. gxf3 Kf5 36. Nf2 Be2 37. Kg2 g4 38. fxg4+ Nxg4 39. Nxg4
Kxg4 40. h3+ Kf5 41. Kg3 Bd3 42. Rd1 Be4 43. Rf1+ Kg6 44. Rf2 Rxf2 1/2-1/2

[Event "SVG Plettenberg 1 - SV Dinslaken 1"]
[Site "Oberliga NRW 2014/2015"]
[Date "2015.03.01"]
[Round "7.5"]
[White "Stillger, Bernhard"]
[Black "Schulze, Marc"]
[Result "1/2-1/2"]
[WhiteElo "2188"]
[BlackElo "2072"]
[Annotator "Hausrath,Daniel"]
[PlyCount "118"]
[EventDate "2015.??.??"]
[WhiteTeam "SV Dinslaken 1"]
[BlackTeam "SVG Plettenberg 1"]

1. e4 c5 2. Nf3 g6 3. d4 cxd4 4. Nxd4 Bg7 5. c4 Nc6 6. Be3 Nf6 7. Nc3 O-O 8.
Be2 d6 9. O-O Bd7 10. Nc2 a5 11. f3 Nb4 12. Na3 Na6 13. Qd2 Bc6 14. Rac1 Nc5
15. Nab5 Nfd7 16. b3 f5 17. exf5 Rxf5 18. Nd4 Rf7 19. Nxc6 bxc6 20. f4 Qc7 21.
Bf3 Raf8 22. Ne4 Nxe4 23. Bxe4 Bh6 24. g3 e5 25. fxe5 Bxe3+ 26. Qxe3 Rxf1+ 27.
Rxf1 Rxf1+ 28. Kxf1 Nxe5 29. Kg2 a4 30. Qd4 axb3 31. axb3 c5 32. Bd5+ $11 Kg7
33. Qa1 Qe7 34. Qc3 Qf6 35. h3 h5 36. Qe3 h4 37. gxh4 Qxh4 38. Be6 Kf6 39. Bd5
Qg5+ 40. Kf2 Qxe3+ 41. Kxe3 Kf5 42. Bb7 Nf7 43. Bd5 Nh6 44. Be4+ Kf6 45. Bd3
Ng8 46. Ke4 Ne7 47. Be2 Kg5 48. Bg4 Kh4 49. Be6 Kg3 50. Bg4 g5 51. Bd7 Kh4 52.
Bg4 Ng8 53. Be6 Nf6+ 54. Kf5 Nh5 55. Bc8 Nf4 56. Kf6 Ne2 57. Ke7 Nd4 58. Kxd6
Nxb3 59. Bg4 Kg3 1/2-1/2

[Event "SVG Plettenberg 1 - SV Dinslaken 1"]
[Site "Oberliga NRW 2014/2015"]
[Date "2015.03.01"]
[Round "7.6"]
[White "Gutheil, Heinrich"]
[Black "Walter, Andreas"]
[Result "0-1"]
[WhiteElo "2137"]
[BlackElo "2117"]
[PlyCount "82"]
[EventDate "2015.??.??"]
[WhiteTeam "SVG Plettenberg 1"]
[BlackTeam "SV Dinslaken 1"]

1. e4 c5 2. Nf3 e6 3. d4 cxd4 4. c3 Nf6 5. e5 Nd5 6. cxd4 d6 7. a3 dxe5 8. dxe5
g6 9. Bc4 Bg7 10. Bxd5 Qxd5 11. O-O Qxd1 12. Rxd1 Bd7 13. Bf4 Bc6 14. Nbd2 Nd7
15. Nc4 h6 16. Rac1 Bd5 17. Nd6+ Ke7 18. Rc7 Rhd8 19. Rdc1 Rab8 20. Nc8+ Kf8
21. Nd6 Kg8 22. h4 Bxf3 23. gxf3 Bxe5 24. Bxe5 Nxe5 25. Nxb7 Rd2 26. b4 Nxf3+
27. Kf1 Nxh4 28. Rc8+ Rxc8 29. Rxc8+ Kg7 30. Ra8 Rd7 31. Rxa7 Nf5 32. a4 Nd6
33. Nxd6 Rxa7 34. a5 Rd7 35. Nc8 Rd1+ 36. Ke2 Rb1 37. b5 Rxb5 38. a6 Rc5 39.
Nd6 Ra5 40. Ne8+ Kf8 41. Nc7 Ke7 0-1

[Event "SVG Plettenberg 1 - SV Dinslaken 1"]
[Site "Oberliga NRW 2014/2015"]
[Date "2015.03.01"]
[Round "7.7"]
[White "Cebulla, Konstantin"]
[Black "Kuhnen, Thomas"]
[Result "0-1"]
[WhiteElo "2056"]
[BlackElo "2056"]
[PlyCount "170"]
[EventDate "2015.??.??"]
[WhiteTeam "SV Dinslaken 1"]
[BlackTeam "SVG Plettenberg 1"]

1. d4 e6 2. c4 b6 3. Nf3 Nf6 4. a3 Bb7 5. Nc3 Be7 6. d5 exd5 7. cxd5 O-O 8. g3
a5 9. Bg2 Re8 10. O-O Na6 11. Bf4 Bf8 12. Rc1 Rc8 13. Re1 b5 14. d6 cxd6 15.
Nxb5 Rxc1 16. Qxc1 Qb6 17. Nc3 d5 18. Be3 Bc5 19. Bxc5 Nxc5 20. Rd1 h6 21. Nd4
Nfe4 22. Nxe4 dxe4 23. Nf5 d5 24. b4 axb4 25. axb4 Ne6 26. Qb2 Kh7 27. e3 g6
28. Nd4 Nxd4 29. Qxd4 Qxd4 30. Rxd4 Rd8 31. Rd1 Kg7 32. Bf1 Kf6 33. Ra1 Ke5 34.
Ra7 Rb8 35. b5 Kd6 36. Kg2 Kc7 37. g4 Kb6 38. Ra1 Rc8 39. Kg3 Rc5 40. Ra2 Rc1
41. Kg2 Bc8 42. h3 h5 43. Be2 h4 44. Rd2 Rc5 45. Ra2 Bb7 46. Rd2 Rc7 47. f4 Rc3
48. Kf2 f6 49. Bf1 Rc5 50. Be2 Bc8 51. Bf1 Bd7 52. Ra2 Bxb5 53. Bxb5 Kxb5 54.
Ke2 Rc1 55. Kf2 Rb1 56. Rc2 Rh1 57. Kg2 Rd1 58. Kf2 f5 59. gxf5 gxf5 60. Kg2 d4
61. exd4 Rxd4 62. Rc8 Rd2+ 63. Kg1 Rd3 64. Rf8 Rxh3 65. Rxf5+ Kc4 66. Ra5 Rf3
67. f5 Kd4 68. Ra4+ Ke5 69. Ra5+ Kf6 70. Kg2 Rxf5 71. Ra8 Kg5 72. Rg8+ Kf4 73.
Rh8 Ke3 74. Rxh4 Kd3 75. Rh8 e3 76. Rd8+ Ke2 77. Rd7 Rg5+ 78. Kh2 Kf2 79. Rf7+
Ke1 80. Re7 e2 81. Rd7 Kf2 82. Rf7+ Ke3 83. Re7+ Kf3 84. Rf7+ Ke4 85. Re7+ Re5
0-1

[Event "SVG Plettenberg 1 - SV Dinslaken 1"]
[Site "Oberliga NRW 2014/2015"]
[Date "2015.03.01"]
[Round "7.8"]
[White "Noelke, Manfred"]
[Black "Franke, Danny"]
[Result "1/2-1/2"]
[WhiteElo "1886"]
[BlackElo "1932"]
[PlyCount "43"]
[EventDate "2015.??.??"]
[WhiteTeam "SVG Plettenberg 1"]
[BlackTeam "SV Dinslaken 1"]

1. d4 e6 2. Nf3 d5 3. Bf4 c5 4. e3 Nc6 5. c3 cxd4 6. exd4 Bd6 7. Bg3 Nf6 8.
Nbd2 Bxg3 9. hxg3 Qd6 10. Bd3 Bd7 11. Qe2 Rc8 12. Ne5 Rc7 13. g4 g6 14. Ndf3
Bc8 15. Ng5 Qf8 16. Nxc6 bxc6 17. Qe5 Qe7 18. Nxf7 Qxf7 19. g5 O-O 20. gxf6 Rb7
21. b3 Qxf6 22. Qxf6 1/2-1/2

[Event "Klub Kölner SF 1 - Düsseldorfer SK 1"]
[Site "Oberliga NRW 2014/2015"]
[Date "2015.03.01"]
[Round "7.1"]
[White "Stark, Lars"]
[Black "Seul, Georg"]
[Result "1/2-1/2"]
[WhiteElo "2407"]
[BlackElo "2349"]
[PlyCount "88"]
[EventDate "2015.??.??"]
[WhiteTeam "Düsseldorfer SK 1"]
[BlackTeam "Klub Kölner SF 1"]

1. c4 e5 2. g3 Nc6 3. Bg2 Nf6 4. Nc3 Bc5 5. a3 a6 6. e3 d6 7. Nge2 Ba7 8. h3
O-O 9. O-O Ne7 10. Kh2 c6 11. d4 Be6 12. d5 cxd5 13. cxd5 Bd7 14. e4 Ng6 15.
Qd3 Ne8 16. Be3 Bxe3 17. Qxe3 f5 18. exf5 Bxf5 19. Ne4 Rc8 20. Rac1 h6 21. Rxc8
Bxc8 22. Qb3 Nf6 23. N2c3 Ne7 24. Qb4 Ne8 25. Nd2 b5 26. a4 bxa4 27. Nde4 Nf5
28. Nxa4 Nd4 29. Nac3 a5 30. Qb8 Rf7 31. Ra1 Rb7 32. Qa8 Nb3 33. Ra3 Nc7 34.
Qxb7 Bxb7 35. Rxb3 Ba8 36. Kg1 Na6 37. Rb5 Nb4 38. Nd2 Qc7 39. Nb3 Bb7 40. Nxa5
Ba6 41. Rxb4 Qxa5 42. Rb8+ Kf7 43. Ra8 Qb6 44. Nd1 Bd3 1/2-1/2

[Event "Klub Kölner SF 1 - Düsseldorfer SK 1"]
[Site "Oberliga NRW 2014/2015"]
[Date "2015.03.01"]
[Round "7.2"]
[White "Morawietz, Dieter"]
[Black "Schuh, Dirk"]
[Result "1-0"]
[WhiteElo "2390"]
[BlackElo "2322"]
[PlyCount "131"]
[EventDate "2015.??.??"]
[WhiteTeam "Klub Kölner SF 1"]
[BlackTeam "Düsseldorfer SK 1"]

1. e4 e5 2. Nf3 Nf6 3. Nxe5 Nxe4 4. Qe2 Qe7 5. Qxe4 d6 6. d4 dxe5 7. Qxe5 Qxe5+
8. dxe5 Bf5 9. Nc3 Nd7 10. Bf4 Bb4 11. O-O-O Bxc3 12. bxc3 O-O-O 13. Bc4 Rhf8
14. Bg3 Rde8 15. Rhe1 Nb6 16. Bd3 Be6 17. Re4 g6 18. f3 Rd8 19. c4 Na4 20. Be1
Nc5 21. Re3 Nxd3+ 22. cxd3 Rd4 23. Bc3 Rd7 24. Rd2 h5 25. a4 c5 26. Kd1 Rfd8
27. Ke2 Kc7 28. Rb2 Kc6 29. Rb3 Bf5 30. Bb2 b6 31. h3 Be6 32. g4 Rh8 33. Kf2
Rh7 34. Kg3 Rd8 35. a5 Rb8 36. axb6 Rxb6 37. Rxb6+ axb6 38. Re1 Rh8 39. Ra1 Rd8
40. Ra3 Kb7 41. Kf4 Rh8 42. Ra1 hxg4 43. hxg4 Rh2 44. Bc3 Rc2 45. Be1 Rb2 46.
Rc1 Kc6 47. Bh4 Rb3 48. Ke4 b5 49. cxb5+ Kxb5 50. Be7 c4 51. dxc4+ Bxc4 52. f4
Be2 53. e6 fxe6 54. g5 Bd3+ 55. Ke5 Bf5 56. Kf6 Rf3 57. Bd6 Kb6 58. Be5 Kb7 59.
Rc7+ Kb6 60. Rg7 Kc6 61. Rxg6 Kd7 62. Rg7+ Ke8 63. Re7+ Kd8 64. g6 Rg3 65. g7
Bh7 66. Ra7 1-0

[Event "Klub Kölner SF 1 - Düsseldorfer SK 1"]
[Site "Oberliga NRW 2014/2015"]
[Date "2015.03.01"]
[Round "7.3"]
[White "de Gleria, Francesco"]
[Black "Helbig, Mark"]
[Result "1-0"]
[WhiteElo "2347"]
[BlackElo "2264"]
[PlyCount "95"]
[EventDate "2015.??.??"]
[WhiteTeam "Düsseldorfer SK 1"]
[BlackTeam "Klub Kölner SF 1"]

1. e4 d5 2. exd5 Qxd5 3. Nc3 Qd6 4. d4 Nf6 5. Bd3 c6 6. Nge2 Bg4 7. f3 Bh5 8.
Bf4 Qd8 9. Qd2 e6 10. O-O-O Bb4 11. a3 Ba5 12. Qe3 Nbd7 13. Bc4 Bxc3 14. Nxc3
Nb6 15. Bb3 Nbd5 16. Nxd5 Nxd5 17. Qe5 Nxf4 18. Qxf4 Bg6 19. h4 h6 20. g4 Qf6
21. Qe3 O-O-O 22. h5 Bh7 23. f4 Rd6 24. g5 Qe7 25. d5 cxd5 26. Qc3+ Qc7 27.
Qxg7 Rdd8 28. Rd4 Be4 29. Rh4 Rdg8 30. Qf6 hxg5 31. fxg5 Qg3 32. Rhxe4 dxe4 33.
g6 Rd8 34. Rxd8+ Rxd8 35. Kb1 e3 36. gxf7 Qd6 37. Qc3+ Kb8 38. Qxe3 e5 39. Qg5
a6 40. h6 e4 41. h7 Rh8 42. Qg7 Qf8 43. Qe5+ Ka7 44. Qd4+ Ka8 45. Qxe4 Qg7 46.
Bd5 Qg1+ 47. Ka2 Ka7 48. Qe7 1-0

[Event "Klub Kölner SF 1 - Düsseldorfer SK 1"]
[Site "Oberliga NRW 2014/2015"]
[Date "2015.03.01"]
[Round "7.4"]
[White "Ludwig, Peter"]
[Black "Plukkel, Sjoerd"]
[Result "1-0"]
[WhiteElo "2177"]
[BlackElo "2298"]
[PlyCount "73"]
[EventDate "2015.??.??"]
[WhiteTeam "Klub Kölner SF 1"]
[BlackTeam "Düsseldorfer SK 1"]

1. Nf3 b5 2. a4 b4 3. g3 Bb7 4. Bg2 e6 5. O-O Nf6 6. d3 Be7 7. e4 d6 8. Nbd2 a5
9. Re1 O-O 10. Qe2 Nbd7 11. b3 Re8 12. Bb2 e5 13. Nc4 Bf8 14. Nfd2 c6 15. d4
exd4 16. Bxd4 d5 17. Ne3 dxe4 18. Rad1 Qc7 19. Ng4 Nd5 20. Nh6+ Kh8 21. Nxf7+
Kg8 22. Ng5 c5 23. Bxe4 N7f6 24. Bxf6 gxf6 25. Qh5 fxg5 26. Bxd5+ Bxd5 27. Rxe8
Rxe8 28. Qxe8 Bc6 29. Qe6+ Kg7 30. Ne4 Be7 31. Nd6 Bf6 32. Ne8+ Bxe8 33. Qxe8
Bd4 34. Re1 Bf6 35. Re6 Qb7 36. Rc6 Bd4 37. Rd6 1-0

[Event "Klub Kölner SF 1 - Düsseldorfer SK 1"]
[Site "Oberliga NRW 2014/2015"]
[Date "2015.03.01"]
[Round "7.5"]
[White "van Assendelft, Floris"]
[Black "Bonnmann, Reinhard"]
[Result "0-1"]
[WhiteElo "2320"]
[BlackElo "2183"]
[PlyCount "80"]
[EventDate "2015.??.??"]
[WhiteTeam "Düsseldorfer SK 1"]
[BlackTeam "Klub Kölner SF 1"]

1. e4 c5 2. Nc3 Nc6 3. Nge2 Nf6 4. g3 d5 5. exd5 Nd4 6. Bg2 Bg4 7. h3 Bf3 8.
O-O Nxe2+ 9. Nxe2 Bxg2 10. Kxg2 Qxd5+ 11. f3 e6 12. d4 Be7 13. Be3 cxd4 14.
Qxd4 O-O 15. c4 Qc6 16. Rfd1 Rfd8 17. Qc3 a6 18. Bd4 Rac8 19. Rac1 b5 20. b3
bxc4 21. Bxf6 Rxd1 22. Bxe7 Rxc1 23. Qxc1 Qd7 24. Qa3 cxb3 25. Kf2 b2 26. Qxb2
Qxe7 27. h4 Qc5+ 28. Kg2 Qc2 29. Qe5 Qxa2 30. Kh3 f6 31. Qe3 e5 32. Qb6 Qc4 33.
g4 Qc6 34. Qb3+ Qc4 35. Qb7 Qc6 36. Qb3+ Kh8 37. Ng3 a5 38. h5 h6 39. Nf5 a4
40. Qd3 e4 0-1

[Event "Klub Kölner SF 1 - Düsseldorfer SK 1"]
[Site "Oberliga NRW 2014/2015"]
[Date "2015.03.01"]
[Round "7.6"]
[White "Wisskirchen, Andreas"]
[Black "Duijker, Rick"]
[Result "1/2-1/2"]
[WhiteElo "2181"]
[BlackElo "2280"]
[PlyCount "47"]
[EventDate "2015.??.??"]
[WhiteTeam "Klub Kölner SF 1"]
[BlackTeam "Düsseldorfer SK 1"]

1. Nf3 Nf6 2. c4 e6 3. Nc3 d5 4. cxd5 exd5 5. d4 Be7 6. Bg5 O-O 7. e3 c6 8. Qc2
Re8 9. Bd3 Nbd7 10. O-O Nf8 11. Rab1 g6 12. b4 a6 13. a4 Ne6 14. Bh4 Ng7 15. b5
axb5 16. axb5 Bf5 17. bxc6 Bxd3 18. Qxd3 bxc6 19. Ne5 Qd6 20. Rb6 Nd7 21. Bxe7
Rxe7 22. Nxd7 Qxd7 23. Rfb1 Nf5 24. Rb8+ 1/2-1/2

[Event "Klub Kölner SF 1 - Düsseldorfer SK 1"]
[Site "Oberliga NRW 2014/2015"]
[Date "2015.03.01"]
[Round "7.7"]
[White "Berndt, Axel"]
[Black "Meertens, Martin"]
[Result "1/2-1/2"]
[WhiteElo "2122"]
[BlackElo "2102"]
[Annotator "Hausrath,Daniel"]
[PlyCount "55"]
[EventDate "2015.??.??"]
[WhiteTeam "Düsseldorfer SK 1"]
[BlackTeam "Klub Kölner SF 1"]

1. e4 c5 2. c3 d6 3. d4 Nf6 4. Bd3 e5 5. Nf3 cxd4 6. cxd4 Nc6 7. d5 Nb8 8. h3
Be7 9. Nc3 Nbd7 10. O-O O-O 11. Re1 Nc5 12. Bc2 a5 13. Be3 b6 14. a3 Ba6 15. b4
Ncd7 16. Bd3 Qc8 17. Rc1 Bxd3 18. Qxd3 Qa6 19. b5 Qb7 20. Na4 Nc5 21. Nxc5 bxc5
22. a4 Nd7 23. Nd2 Nb6 $11 24. Qc2 f5 25. f3 Bh4 26. Rf1 f4 27. Bf2 Bxf2+ 28.
Rxf2 1/2-1/2

[Event "Klub Kölner SF 1 - Düsseldorfer SK 1"]
[Site "Oberliga NRW 2014/2015"]
[Date "2015.03.01"]
[Round "7.8"]
[White "Krauth, Alexander"]
[Black "Dick, Matthias"]
[Result "1-0"]
[WhiteElo "2053"]
[BlackElo "2003"]
[PlyCount "133"]
[EventDate "2015.??.??"]
[WhiteTeam "Klub Kölner SF 1"]
[BlackTeam "Düsseldorfer SK 1"]

1. d4 d5 2. Bf4 Nf6 3. e3 Bf5 4. c4 c6 5. Nc3 e6 6. Qb3 Qb6 7. c5 Qxb3 8. axb3
Nbd7 9. b4 a6 10. b5 cxb5 11. Bxb5 Rc8 12. Be2 h6 13. b4 g5 14. Bg3 Ne4 15.
Nxe4 Bxe4 16. f3 Bf5 17. b5 Bg7 18. bxa6 bxa6 19. Bxa6 Rxc5 20. dxc5 Bxa1 21.
Bd6 Bc3+ 22. Kf2 Be5 23. Bb5 Bxd6 24. cxd6 e5 25. Ne2 O-O 26. Bxd7 Bxd7 27. Rd1
Be6 28. Nc3 Rd8 29. Nxd5 Bxd5 30. Rxd5 f6 31. Kg3 h5 32. f4 gxf4+ 33. exf4 Kf7
34. fxe5 Ke6 35. Rd1 fxe5 36. Kh4 Rxd6 37. Rxd6+ Kxd6 38. Kxh5 e4 39. Kg4 Ke5
40. h4 Kd4 41. h5 e3 42. h6 e2 43. h7 e1=Q 44. h8=Q+ Kd5 45. Qd8+ Kc6 46. Qf6+
Kd7 47. g3 Qe2+ 48. Kg5 Qe3+ 49. Kh4 Qe1 50. Kh3 Qh1+ 51. Kg4 Qe4+ 52. Kh5 Qh1+
53. Kg6 Qg2 54. Qf5+ Ke7 55. Qc5+ Ke6 56. Qc4+ Ke7 57. g4 Qg1 58. Qc7+ Ke6 59.
Qf7+ Kd6 60. g5 Qg2 61. Kh6 Qh3+ 62. Kg7 Qg2 63. g6 Qg3 64. Kf8 Qh3 65. Qe7+
Kd5 66. g7 Qh6 67. Ke8 1-0

[Event "PSV Duisburg 1 - SV Mülheim-Nord 2"]
[Site "Oberliga NRW 2014/2015"]
[Date "2015.03.22"]
[Round "8.1"]
[White "Beerdsen, Thomas"]
[Black "Fleck, Juergen"]
[Result "1/2-1/2"]
[WhiteElo "2265"]
[BlackElo "2329"]
[PlyCount "65"]
[EventDate "2015.??.??"]
[WhiteTeam "SV Mülheim-Nord 2"]
[BlackTeam "PSV Duisburg 1"]

1. e4 c5 2. Nf3 d6 3. d4 Nf6 4. Nc3 cxd4 5. Nxd4 g6 6. Be3 Bg7 7. f3 Nc6 8. Qd2
O-O 9. g4 Be6 10. Nxe6 fxe6 11. O-O-O Rc8 12. Bc4 Qd7 13. Bb3 Na5 14. h4 Nxb3+
15. axb3 Qc6 16. h5 Nd7 17. hxg6 hxg6 18. Qh2 Rxf3 19. Qh7+ Kf7 20. Bh6 Rg8 21.
Rhf1 Rf6 22. Bxg7 Rxg7 23. Qh3 Qc5 24. Kb1 Qe5 25. Qh8 Nf8 26. Rxf6+ exf6 27.
Qh3 Kg8 28. Qd3 Rd7 29. Qc4 Qc5 30. Qf1 Qe5 31. Qc4 Qc5 32. Qf1 Qe5 33. Qc4
1/2-1/2

[Event "PSV Duisburg 1 - SV Mülheim-Nord 2"]
[Site "Oberliga NRW 2014/2015"]
[Date "2015.03.22"]
[Round "8.2"]
[White "Wengenroth, Walter"]
[Black "Rezasade, Amir"]
[Result "0-1"]
[WhiteElo "2200"]
[BlackElo "2259"]
[PlyCount "78"]
[EventDate "2015.??.??"]
[WhiteTeam "PSV Duisburg 1"]
[BlackTeam "SV Mülheim-Nord 2"]

1. e4 c6 2. d4 d5 3. exd5 cxd5 4. c4 Nf6 5. Nc3 e6 6. Nf3 Be7 7. Bd3 dxc4 8.
Bxc4 Nc6 9. O-O O-O 10. Re1 b6 11. a3 Nd5 12. Qd3 Nxc3 13. bxc3 Bf6 14. h4 Bd7
15. Ng5 g6 16. Ne4 Bxh4 17. Bh6 Re8 18. Nd6 Bxf2+ 19. Kxf2 Qh4+ 20. Kg1 Qxh6
21. Nxe8 Bxe8 22. Rad1 Na5 23. Ba2 Ba4 24. Rb1 Rd8 25. Re2 Qf8 26. c4 Nc6 27.
d5 Qc5+ 28. Kh1 Nd4 29. Rd2 e5 30. Re1 f6 31. Rf2 Kg7 32. Ref1 Rf8 33. Qh3 Rf7
34. Qh4 Qd6 35. Rd2 Qc5 36. Rdf2 Qd6 37. g4 Bc2 38. g5 f5 39. Rd2 Be4+ 0-1

[Event "PSV Duisburg 1 - SV Mülheim-Nord 2"]
[Site "Oberliga NRW 2014/2015"]
[Date "2015.03.22"]
[Round "8.3"]
[White "Nabuurs, Joep"]
[Black "Maslak, Sulejman"]
[Result "1-0"]
[WhiteElo "2257"]
[BlackElo "2273"]
[Annotator "Hausrath,Daniel"]
[PlyCount "139"]
[EventDate "2015.??.??"]
[WhiteTeam "SV Mülheim-Nord 2"]
[BlackTeam "PSV Duisburg 1"]

1. e4 e6 2. d4 d5 3. Nc3 Nf6 4. Bg5 Be7 5. e5 Nfd7 6. Bxe7 Qxe7 7. f4 a6 8. Nf3
c5 9. dxc5 Nxc5 10. Bd3 Nc6 11. O-O g6 12. a3 b5 13. b4 Nd7 14. Qd2 Nb6 15. Qf2
Rb8 16. Ne2 Nc4 17. Ned4 Nxd4 18. Nxd4 Bd7 19. Nb3 O-O 20. Nc5 Ra8 21. Bxc4
bxc4 22. g4 Bc6 23. c3 a5 24. g5 Ra7 25. a4 axb4 26. cxb4 Rfa8 27. a5 Rb8 28.
Rab1 Bb5 29. Rfc1 Rc8 30. Qd4 h6 31. h4 h5 32. Kf2 Kf8 33. Qe3 Rb8 34. Qd4 Raa8
35. Rb2 Be8 36. Rcb1 Qc7 37. Ke3 Ke7 38. Kd2 Bb5 39. Ke1 Qc6 40. Kf2 Qc7 41.
Kg3 $11 Qa7 42. Kf3 Kd8 43. Kg3 Bd7 44. Kf3 Ke7 45. Ke3 Be8 46. Kf3 Rc8 47. Kg3
Rab8 48. Kf3 Rb5 49. Ke3 Rbb8 50. Rc1 Rc7 51. Rxc4 Bb5 52. Rc1 Rbc8 53. Rbc2
Bc4 54. Na4 Qa6 55. Nb6 Rd8 56. Rd2 Rb8 57. Rxc4 Rxc4 58. Nxc4 Qxc4 59. Qxc4
dxc4 60. Ra2 Rxb4 61. a6 Rb8 62. Kd4 Kd7 63. Kxc4 Kc6 64. a7 Ra8 65. Ra6+ Kb7
66. Kb5 Kc7 67. Ra2 Kb7 68. Ra1 Rxa7 69. Rxa7+ Kxa7 70. Kc6 1-0

[Event "PSV Duisburg 1 - SV Mülheim-Nord 2"]
[Site "Oberliga NRW 2014/2015"]
[Date "2015.03.22"]
[Round "8.4"]
[White "Heisel, Guido"]
[Black "Smith, Thijmen"]
[Result "0-1"]
[WhiteElo "2091"]
[BlackElo "2215"]
[Annotator "Hausrath,Daniel"]
[PlyCount "84"]
[EventDate "2015.??.??"]
[WhiteTeam "PSV Duisburg 1"]
[BlackTeam "SV Mülheim-Nord 2"]

1. d4 d5 2. Bf4 Nf6 3. e3 Bf5 4. c4 c6 5. Nc3 Qb6 6. Qb3 Nbd7 7. c5 Qxb3 8.
axb3 e5 9. dxe5 $11 Ng4 10. b4 Ngxe5 11. Nf3 Nxf3+ 12. gxf3 Be7 13. e4 dxe4 14.
fxe4 Be6 15. Rg1 O-O 16. Bd3 a5 17. bxa5 Nxc5 18. Bc2 Rfd8 19. Bc7 Rd7 20. Bb6
Bc4 21. Rg3 Bf8 22. Rd1 Rxd1+ 23. Kxd1 Nd7 24. Nb1 Nxb6 25. axb6 Rd8+ 26. Kc1
Bd6 27. Rf3 Be2 28. Re3 Bf4 29. Nc3 Bxe3+ 30. fxe3 Bd3 31. Na4 Bxc2 32. Kxc2
Re8 33. Kd3 Re7 34. Nc5 Kf8 35. e5 Ke8 36. Ke4 g6 37. h4 Kd8 38. Kf4 h6 39. Ne4
Kd7 40. Nf6+ Kc8 41. Ng8 Re8 42. Nxh6 Kd7 0-1

[Event "PSV Duisburg 1 - SV Mülheim-Nord 2"]
[Site "Oberliga NRW 2014/2015"]
[Date "2015.03.22"]
[Round "8.5"]
[White "Buckels, Valentin"]
[Black "Sponheim, Marko"]
[Result "1-0"]
[WhiteElo "2138"]
[BlackElo "1948"]
[PlyCount "67"]
[EventDate "2015.??.??"]
[WhiteTeam "SV Mülheim-Nord 2"]
[BlackTeam "PSV Duisburg 1"]

1. d4 Nf6 2. c4 c5 3. d5 b5 4. cxb5 a6 5. b6 d6 6. Nc3 g6 7. Nf3 Bg7 8. Nd2
Nbd7 9. e4 Nxb6 10. a4 Rb8 11. Be2 O-O 12. O-O a5 13. Nb3 Ra8 14. Be3 Nfd7 15.
f4 Bb7 16. Re1 Qc8 17. Nd2 f5 18. exf5 gxf5 19. Bf3 Nf6 20. Qb3 Nfd7 21. Bf2
Qd8 22. Re6 Rb8 23. Rae1 Nc8 24. Qc2 Nf6 25. Nc4 Rf7 26. Ne3 Qf8 27. Nxf5 Nxd5
28. Nxd5 Rxf5 29. Rxe7 Bc6 30. R7e6 Rxb2 31. Nf6+ Rxf6 32. Qxb2 Bxf3 33. Re8
Rg6 34. Qb3+ 1-0

[Event "PSV Duisburg 1 - SV Mülheim-Nord 2"]
[Site "Oberliga NRW 2014/2015"]
[Date "2015.03.22"]
[Round "8.6"]
[White "Kretschmann, Thomas"]
[Black "van Osch, Mees"]
[Result "1-0"]
[WhiteElo "2069"]
[BlackElo "2286"]
[PlyCount "145"]
[EventDate "2015.??.??"]
[WhiteTeam "PSV Duisburg 1"]
[BlackTeam "SV Mülheim-Nord 2"]

1. e4 c5 2. c3 Nf6 3. e5 Nd5 4. d4 cxd4 5. Nf3 Nc6 6. cxd4 d6 7. Bc4 Nb6 8. Bb5
dxe5 9. Nxe5 Bd7 10. Bxc6 Bxc6 11. Nxc6 bxc6 12. O-O e6 13. Nc3 Be7 14. Bf4 O-O
15. Rc1 Rc8 16. Qd3 c5 17. Rfd1 c4 18. Qg3 Nd5 19. Be5 f6 20. Bf4 Nxf4 21. Qxf4
Qb6 22. Rc2 Rfd8 23. Qe3 Rd7 24. Re2 Rc6 25. d5 Qxe3 26. Rxe3 exd5 27. Rxd5
Rxd5 28. Nxd5 Bc5 29. Ne7+ Bxe7 30. Rxe7 Rb6 31. Re2 c3 32. b3 Rd6 33. g3 Rd2
34. Re8+ Kf7 35. Rc8 Rc2 36. Rc6 Kg6 37. Rc5 Kf7 38. a4 Ke6 39. Kg2 Kd6 40. Rc4
Kd5 41. h4 h5 42. Kf3 g5 43. Ke3 g4 44. Rc7 a6 45. Rc4 Rc1 46. Kd3 a5 47. Rxc3
Rxc3+ 48. Kxc3 Kc5 49. Kd3 Kd5 50. Ke3 Kc5 51. Kd3 Kd5 52. Kc2 Kc6 53. Kd2 Kd6
54. Ke2 Kc5 55. Kd2 Kd6 56. Ke3 Kc5 57. Kd2 Kd6 58. Ke3 Kc5 59. f3 gxf3 60. g4
hxg4 61. h5 Kb4 62. h6 Kxb3 63. h7 Kxa4 64. h8=Q Kb3 65. Qb8+ Kc4 66. Qc7+ Kb5
67. Qb7+ Kc5 68. Qe4 Kb5 69. Qxg4 a4 70. Kd3 a3 71. Kc2 f2 72. Qf3 Ka4 73. Qxf2
1-0

[Event "PSV Duisburg 1 - SV Mülheim-Nord 2"]
[Site "Oberliga NRW 2014/2015"]
[Date "2015.03.22"]
[Round "8.7"]
[White "Bus, Tom"]
[Black "Kukuk, Christian"]
[Result "1-0"]
[WhiteElo "2105"]
[BlackElo "1826"]
[PlyCount "57"]
[EventDate "2015.??.??"]
[WhiteTeam "SV Mülheim-Nord 2"]
[BlackTeam "PSV Duisburg 1"]

1. c4 Nf6 2. g3 g6 3. Bg2 Bg7 4. Nc3 c5 5. Nf3 O-O 6. O-O Nc6 7. d3 d6 8. a3 a6
9. Rb1 Ne8 10. Bd2 Nc7 11. b4 cxb4 12. axb4 e6 13. Qc1 Re8 14. Bg5 f6 15. Be3
Qd7 16. Re1 b5 17. cxb5 axb5 18. Bb6 Rb8 19. Bxc7 Qxc7 20. Nxb5 Qd7 21. Nfd4
Nxd4 22. Nxd4 d5 23. Nc6 Rb5 24. e4 dxe4 25. Rxe4 Qxd3 26. Rd4 Qf5 27. Rd8 Kf7
28. Rxe8 Kxe8 29. Nd4 1-0

[Event "PSV Duisburg 1 - SV Mülheim-Nord 2"]
[Site "Oberliga NRW 2014/2015"]
[Date "2015.03.22"]
[Round "8.8"]
[White "Balik, Ali"]
[Black "Krueger, Andre"]
[Result "0-1"]
[WhiteElo "1643"]
[BlackElo "2041"]
[PlyCount "86"]
[EventDate "2015.??.??"]
[WhiteTeam "PSV Duisburg 1"]
[BlackTeam "SV Mülheim-Nord 2"]

1. e4 c5 2. c3 d5 3. e5 Nc6 4. d4 e6 5. f4 Nh6 6. Nf3 cxd4 7. cxd4 Qb6 8. Bd3
Bd7 9. Bc2 Nb4 10. Bb3 Qa6 11. Bc2 Qc4 12. Nc3 Nxc2+ 13. Qxc2 Nf5 14. Qe2 Nxd4
15. Nxd4 Qxd4 16. Be3 Qc4 17. Qf2 Bb4 18. Rc1 O-O 19. a3 Ba5 20. Bxa7 b6 21.
Bxb6 Bxb6 22. Qxb6 Qxf4 23. Ne2 Qxe5 24. Qc7 Qxc7 25. Rxc7 Bb5 26. Nd4 Bc4 27.
Kd2 e5 28. Nc6 f6 29. Ra1 Rf7 30. Rxf7 Kxf7 31. Kc3 Rc8 32. Nb4 Bf1+ 33. Kd2
Bxg2 34. a4 d4 35. a5 Rb8 36. Ra4 Ba8 37. Nd3 e4 38. Rb4 Rd8 39. Nc5 f5 40. a6
e3+ 41. Ke1 d3 42. Nxd3 Rxd3 43. Ke2 Rd6 0-1